000
00209 a2200097 4500
001
30177
100
_a
Carre, J E
245
_a
The looking glass War
260
_a
London
_b
Pan Books
_c
090
_c
20120
_d
20120
942
_a
NUST-CAE
_c
M
_c
11249
999
_c
265250
_d
265250